=LDR 00000nam 2200000 4500 =001 INLIS000000000055545 =005 20200616114141 =035 ##$$a 0010-0520000043 =007 ta =008 200616################g##########0#ind## =020 ##$$a 979-454-047-1 =082 ##$$a 2x1 =084 ##$$a 2x1 SYI a =100 #$$a Syihab, Umar =245 1#$$a Al Qur'an dan rekayasa sosial /$c Dr. H. Umar Syihab =260 ##$$a Jakarta :$b Pustaka Kartini,$c 1990 =300 ##$$a 173 hlm ; $c 20 x 15 cm =504 ##$$a Bibliografi: halaman 165-171 =600 #4$$a Al Qur'an =990 ##$$a 73.368/pro.94 =990 ##$$a 73.368/pro.94